| 000 | 00465nam a2200169Ia 4500 | ||
|---|---|---|---|
| 008 | 230917s9999||||xx |||||||||||||| ||und|| | ||
| 020 | _cUSD85 | ||
| 040 |
_e246819 _aMAIN |
||
| 041 | _aEnglish | ||
| 082 | _a005.55 K727I | ||
| 100 | _aKnapp, Herschel | ||
| 245 | 0 | _aIntermediate statistics using SPSS | |
| 260 |
_aCalifornia _bSage Publications _c2018 |
||
| 300 | _axxvii, 451 p. | ||
| 500 | _a3093 02/05/2018 APD18/1076327 11/05/2018 Main Budget | ||
| 942 | _cBK | ||
| 999 |
_c26584 _d26584 |
||